000 00610cam a2200229 i 4500
001 4171802
005 20180814043408.0
008 790417s1979 cau b 001 0 eng
010 _a 79012873
020 _a0716710803
020 _a0716710811 (pbk.)
040 _aDLC
_cDLC
_dDLC
041 _aeng
080 _a519.536
082 0 0 _a519.536
100 1 _a55
101 _aSTA
245 1 0 _aMultiple regression and the analysis of variance and covariance /
_cAllen L. Edwards.
504 _aBibliography: p. [193]-194.
906 _a7
_bcbc
_corignew
_d1
_eocip
_f19
_gy-gencatlg
942 _2ddc
_cBK
999 _c47081
_d47081